| 000 | 00340nam a2200133Ia 4500 | ||
|---|---|---|---|
| 008 | 220204s9999 xx 000 0 und d | ||
| 082 |
_a575.224 _bDRA |
||
| 100 | _aDRAKE, John W | ||
| 245 | 0 | _aMolecular basis of mutation | |
| 260 |
_aSan Francisco _bHolden Day _c1970 |
||
| 650 | _aChemical mutagenesis | ||
| 650 | _aMutation | ||
| 942 | _cBK | ||
| 999 |
_c28409 _d28409 |
||